| 000 | 00903nam a2200217Ia 4500 | ||
|---|---|---|---|
| 999 |
_c40126 _d40126 |
||
| 001 | 6732 | ||
| 003 | GE_BSU | ||
| 005 | 20191210151417.0 | ||
| 008 | 181216s1969||||ge |||||||||||||| ||geo|| | ||
| 040 | _cGE_BSU | ||
| 041 | _ageo | ||
| 080 | _a821.353.1-31 გ-30 | ||
| 100 |
_aგელაშვილი, გიორგი. _95742 |
||
| 245 |
_aქალაქს არასოდეს არ სძინავს : _bრომანი / _cგიორგი გელაშვილი ; რედ. ნ. კანდელაკი. |
||
| 264 |
_aთბილისი : _bსაბჭ.საქართველო, _c1969. |
||
| 300 |
_a240 გვ. ; _c20 სმ. |
||
| 653 | _aრომანი | ||
| 653 | _aქალაქს არასოდეს არ სძინავს | ||
| 700 |
_aკანდელაკი, ნ. _eრედაქტორი _95757 |
||
| 942 |
_cBK _2udc |
||